Every Named Character in Giovanni's Room - Statistics

General Stats
  • This quiz has been taken 3 times
  • The average score is 3 of 9
Answer Stats
Answer % Correct
Giovanni
100%
Aunt Ellen
33%
David
33%
Guillaume
33%
Hella
33%
Jacques
33%
Joey
33%
Sue
33%
Yves
0%
No matching quizzes found
Score Distribution
Percent of People with Each Score
Percentile by Number Answered
Your Score History
You have not taken this quiz